Medio siglo de publicaciones de poesía en España (Record no. 46662)

MARC details
000 -LEADER
campo de control de longitud fija 00598nam a2200169 i 4500
001 - NÚMERO DE CONTROL
campo de control 46662
003 - IDENTIFICADOR DE NÚMERO DE CONTROL
campo de control ES-MaACL
005 - FECHA Y HORA DE LA ÚLTIMA TRANSACCIÓN
campo de control 20230906161426.0
007 - CAMPO FIJO DE DESCRIPCIÓN FÍSICA--INFORMACIÓN GENERAL
campo de control de longitud fija t|
008 - DATOS DE LONGITUD FIJA--INFORMACIÓN GENERAL
campo de control de longitud fija 030331s1952 sp ||||1| spa d
111 2# - ENTRADA PRINCIPAL--NOMBRE DE CONGRESO/REUNIÓN
Nombre de congreso/reunión o jurisdicción como elemento de entrada Congreso de Poesía (
Número del congreso/reunión o número de parte o sección 1º.
Fecha del congreso o de la firma del tratado 1952.
Sede del congreso/Lugar de la reunión Segovia)
9 (RLIN) 336
245 10 - MENCIÓN DEL TÍTULO
Título Medio siglo de publicaciones de poesía en España
Resto del título : catálogo de revistas : I Congreso de Poesía, Segovia, 1952.
260 ## - PUBLICACIÓN, DISTRIBUCIÓN, ETC.
Lugar de publicación, distribución, etc. Madrid, etc. :
Nombre del editor, distribuidor, etc. [s.n.,
Fecha de publicación, distribución, etc. 1952] (
Fabricante Gráf. Uguina)
300 ## - DESCRIPCIÓN FÍSICA
Extensión 51 p. ;
Dimensiones 22 cm.
650 #4 - PUNTO DE ACCESO ADICIONAL DE MATERIA--TÉRMINO DE MATERIA
Término de materia o nombre geográfico como elemento de entrada Poesía-
Subdivisión de forma Publicaciones periódicas.
9 (RLIN) 16154
852 ## - LOCALIZACIÓN
Ubicación ES-MaACL
Número de control de estantería 2134-F-12
Sublocalización o colección R.107049
Holdings
Estatus retirado Estado de pérdida Estado de daño No para préstamo Colección Biblioteca de origen Biblioteca actual Ubicación en estantería Fecha de adquisición Fuente de adquisición Total de préstamos Signatura topográfica completa Código de barras Visto por última vez Precio de reemplazo Tipo de ítem Koha
        Colección de folletos Biblioteca del Ateneo de Madrid Biblioteca del Ateneo de Madrid Depósito folletos 17/01/2008     2134-F-12 1049078 23/02/2023 23/02/2023 Folleto